Quizzes
Events
Quiz Creation
Community
Videos
Private Events
Remove Ads
Sign In
Join for FREE
Feedback
Dark Mode
Quiz Categories
Sports
Geography
Music
Movies
Television
Just For Fun
Miscellaneous
History
Literature
Language
Science
Gaming
Entertainment
Religion
Holiday
For Kids
Quiz Lab
Recent
Popular Today
Quiz Kudos Today
Editor Picks
Curator Picks
Quizzes by...
Day
Popularity
Type
Ratings
Length
Year
Community
Subscriptions
Recent Discussions
Orange Saloon
Badges
Playlists
Quests
Create
Leaderboards
Showdown
Live 5
Trivia Bingo
Activity
Puzzle Library
Sporcle Events
Private Events
Virtual Trivia
Globe League
Become a Host
Pub Owners
SporcleCon
Opinionation
Our Games
Videos
Blog
Mobile Apps
Partnerships
Remove Ads and Go Orange
Feedback
Sports
Athletes
MLB
NBA
NHL
NFL
Soccer
Sports Teams
WWE
NCAA
Football
Premier League
Basketball
Baseball
Hockey
Golf
Tennis
Cricket
Rugby
Auto Racing
Olympics
World Cup
Sports
Athletes
MLB
NBA
NHL
NFL
Soccer
Sports Teams
WWE
NCAA
Football
Premier League
Basketball
Baseball
Hockey
Golf
Tennis
Cricket
Rugby
Auto Racing
Olympics
World Cup
Random Quiz
Search Sporcle
×
Quiz Lab
Quiz Lab
Sports
UEFA
Type in answers that appear in a list
Type in answers that appear in a list
Classic
Best Score? Go Orange.
2000 UEFA Cup final Galatasaray-Arsenal XIs and subs Stats
Can you name the 2000 UEFA Cup final Galatasaray-Arsenal XIs and subs?
By
axan142
8m
39 Questions
741 Plays
741 Plays
741 Plays
Comments
Comments
Give Quiz Kudos
Give Quiz Kudos
-
- Ratings
hide this ad
Replay
Link that replays current quiz
Next Quiz
Link to next quiz in quiz playlist
You Got
0%
They Got
Avg Score
56%
Avg Friend Score
Upgrade to see
Score Distribution
Jump to the score distribution portion of the page
Score
0/39
Timer
08:00
0
Plays Today
% Correct
Thierry Henry
92.6%
David Seaman
85.4%
Hakan Sukur
81.8%
Gheorghe Hagi
79.6%
Taffarel
78%
Arsene Wenger
77.1%
Dennis Bergkamp
74.9%
Gheorghe Popescu
73.4%
Fatih Terim
71.8%
Emmanuel Petit
71.1%
Patrick Vieira
70.9%
Tony Adams
70.4%
Bulent Korkmaz
70.2%
Marc Overmars
68.6%
Umit Davala
66.5%
Arif Erdem
66.4%
Okan Buruk
65.3%
Ergun Penbe
63%
Capone
62.8%
Suat Kaya
62.6%
% Correct
Hasan Sas
61.9%
Ray Parlour
61.8%
Hakan Unsal
58.3%
Martin Keown
54.7%
Lee Dixon
51%
Nwankwo Kanu
50.7%
Davor Suker
50.1%
Fatih Akyel
45.3%
Kerem İnan
43.7%
Nigel Winterburn
38.5%
Marcio
35.8%
Sylvinho
33.9%
Parken, Copenhagen
30.4%
Ahmet Yildirim
28.5%
Mehmet Yozgatli
26.3%
Gilles Grimandi
23.6%
Oleh Luzhny
18.2%
John Lukic
16.2%
Stefan Malz
5.9%
Quiz Playlist
Details
Report
Send in Message
Add To Playlist
Classic:
Type in answers that appear in a list
Last Updated: Feb 16, 2017
Quiz Scoreboard
CHALLENGE
Sign Up to Join the Scoreboard
Show All
Scores
Hide
Comments
May contain spoilers
Recently Published
College Basketball Coaching Resumes
by pancakes188
Sports
9m
Billboard Blitz: Fleetwood Mac
by CooCooCachoo
Music
15s
Presidents Visiting Landmarks
by Hejman
History
7m
More to Explore
Quiz From the Vault
Featured Blog Post
Where Did the Easter Bunny Come From?
hide this ad
You Might Also Like...
Tags
Arsenal
FA Cup
Galatasaray
UEFA
Today's Top Quizzes in Sports
Browse Sports
hide this ad
Today's Top Quizzes in UEFA
Browse UEFA
Top Contributed Quizzes in Sports
1
Les meilleurs buteurs des matchs entre le PSG et l’OM
2
2022 World Cup Stars
3
FIFA Club World Cup Champions
4
Les entraîneurs de l'OM et du PSG au 21e siècle
5
Criteria MLB: Left Handed Sluggers
6
AFC Teams Reveal (Wrong Answers Minefield)
7
5-to-1: UK Sports Teams
8
Name the Premier League winners with different clubs
9
5-to-1: FBS Animal Nicknames
10
Players with Multiple 50 Home Run Seasons
Explore More
Trending Topics
Anime
Marvel
Disney
Harry Potter
Kpop
Crossword
NBA
Pokémon
Country
Song
Puzzle
Soccer
NFL
WWE
The Office
hide this ad
More By:
axan142
Quiz
Plays
Rating
Category
Featured
Created
2000 UEFA Cup final Galatasaray-Arsenal XIs and subs
741
4.75
Sports
Jul 24, 2012
2000 UEFA Super Cup Galatasaray-Real Madrid XI's-subs
283
4.00
Sports
Jul 24, 2012
Go to Creator's Profile
Score Distribution
Quiz Creator Spotlight
axan142
Follow
Send a Message
Quizzes Created
-
Created Quiz Play Count
-
More By This Creator
Popular Quizzes Today
1
Find the US States - No Outlines Minefield
2
Find the Countries of Europe - No Outlines Minefield
3
The Countries of the World
4
Find the US States
5
Risky Map Clicking: Biggest States A-Z
6
US States
7
Popular People in 1961
8
Movies - When Are They Set?
More Sports Quizzes
UEFA Champions League Winners - O
Quiz Lab
Trending Quizzes
Risky Map Clicking: Least Populous States A-Z
1-10 Letter G Words
1-10 Letter F Words
Risky Map Clicking: Next State Alphabetically
Click the Washington State Counties! (Map)
Recently Updated
Leaping Animals
pecheneg
Reality TV Shows (A-Z)
bhenderson79
Rickey Henderson's Hall of Fame Teammates
pecheneg
Champions League XIs: Arsenal
pecheneg
Quick Pick: Celebrities in WWE's Hall of Fame
aduchscher
A-Z Keypad Blitz II
pecheneg
Multiple Oscar Actors
pecheneg
Mystery Phrase Blitz: Oscar 'Best Actors'
pecheneg
F. Scott Fitzgerald Novels
LTH
Pick 3 Villains
ddd62291
Trending Topics
Anime
Harry Potter
Disney
NBA
Marvel
Kpop
Crossword
The Office
Pokémon
WWE
Song
NFL
Puzzle
Soccer
Country
Your Account Isn't Verified!
In order to create a playlist on Sporcle, you need to verify the email address you used during registration. Go to your
Sporcle Settings
to finish the process.
Report this User
Report this user for behavior that violates our
Community Guidelines
.
Details:
Send Report
Go to the Sporcle.com Mobile Site →
Comments